000 01266cam a2200277 a 4500
001 1355
005 20240510083219.0
020 _a9781426310263 (pbk. : alk. paper)
020 _a9781426310270 (library binding : alk. paper)
040 _aDLC
_cDLC
_dDLC
050 0 0 _aHG221.5
_b.F87 2013
082 0 0 _a332.4/9
_223
100 1 _aFurgang, Kathy.
245 1 0 _aEverything money /
_cby Kathy Furgang ; with National Geographic Explorer Fred Hiebert.
260 _aWashington, D.C. :
_bNational Geographic,
_c2013.
300 _a64 pages :
_bcolor illustrations, map ;
_c25 cm
490 0 _aNational Geographic kids
505 _aQ
520 _aAll you need to know about money can be found in the pages of this colorful, energetic, and accessible book. Kids will also learn about money around the world from a National Geographic expert, featured in "Explorer's Corners" throughout the book. Packed with fun facts and amazing photographs, this book gives kids an in-depth look at this facinating and important topic.
521 _a980
_bLexile
521 _aQ
_bRaz-Plus
650 0 _aMoney
_xHistory
_vJuvenile literature.
700 1 _aHiebert, Fredrik T.
_q(Fredrik Talmage)
906 _a7
_bcbc
_corignew
_d1
_eecip
_f20
_gy-gencatlg
942 _2ddc
_cBK
_n0
999 _c1355
_d1355